[Event "Fraser Valley Rapid 6"]
[Site "Langley CAN"]
[Date "2023.08.12"]
[Round "6.1"]
[White "Liu, Zachary"]
[Black "Mayo, Fuentabella"]
[Result "0-1"]
[WhiteElo "2140"]
[BlackElo "2192"]
[PlyCount "168"]
[EventDate "2023.08.12"]
[EventType "swiss (rapid)"]
[EventRounds "6"]
[EventCountry "CAN"]

1. e4 c5 2. Nf3 e6 3. d4 cxd4 4. Nxd4 Nf6 5. Nc3 d6 6. Be3 a6 7. f4 b5 8. a3
Bb7 9. Bd3 Nbd7 10. Qe2 Be7 11. Nb3 Rc8 12. Bf2 Nc5 13. Nxc5 dxc5 14. Rd1 Qc7
15. e5 c4 16. Be4 Nxe4 17. Nxe4 O-O 18. Nd6 Rcd8 19. Nxb7 Rxd1+ 20. Qxd1 Qxb7
21. Qf3 Qd7 22. O-O Rd8 23. Bb6 Rb8 24. Rd1 Qb7 25. Qxb7 Rxb7 26. Ba5 Kf8 27.
Kf2 Ke8 28. Ke3 g6 29. Ke4 Rd7 30. Rxd7 Kxd7 31. g3 Kc6 32. Bb4 Bd8 33. Bc3 a5
34. Bd4 Be7 35. Bc3 b4 36. axb4 axb4 37. Bd4 h5 38. h3 Bd8 39. g4 hxg4 40. hxg4
Bh4 41. b3 Kb5 42. Be3 Be1 43. Kd4 Bc3+ 44. Ke4 Bb2 45. Bd4 Bc1 46. Be3 Ba3 47.
f5 gxf5+ 48. gxf5 Bb2 49. fxe6 fxe6 50. Bd4 Bc1 51. Be3 Ba3 52. Bd4 Bc1 53. Be3
Ba3 54. Kf4 Bb2 55. Bf2 Bc3 56. Ke4 Bd2 57. Be3 Be1 58. Kd4 Bc3+ 59. Ke4 Bb2
60. Bd4 Bc1 61. Be3 Ba3 62. Kd4 Bb2+ 63. Ke4 Bc3 64. Bd4 Be1 65. Kf4 Bh4 66.
Kg4 Be7 67. Kf4 Bf8 68. Kg5 cxb3 69. cxb3 Kc6 70. Kf6 Kd5 71. Bb2 Bc5 72. Ba1
Bb6 73. Bb2 Bd8+ 74. Kf7 Bg5 75. Kg6 Bd2 76. Kh5 Bc3 77. Bc1 Ke4 78. Kg4 Bxe5
79. Bd2 Bc3 80. Bc1 e5 81. Bh6 Kd3 82. Kf3 e4+ 83. Kf2 Bd2 84. Bg7 e3+ 0-1

[Event "Fraser Valley Rapid 6"]
[Site "Langley CAN"]
[Date "2023.08.12"]
[Round "6.2"]
[White "Ascencio, Jorge Nunez"]
[Black "Chen, Zhengyu"]
[Result "1-0"]
[WhiteElo "2269"]
[BlackElo "1668"]
[PlyCount "87"]
[EventDate "2023.08.12"]
[EventType "swiss (rapid)"]
[EventRounds "6"]
[EventCountry "CAN"]

{[%evp 0,87,32,30,32,34,23,-11,33,23,16,19,26,8,39,41,41,48,78,83,75,80,101,90,
118,93,93,93,128,124,124,134,134,138,164,126,156,136,136,139,131,148,249,128,
128,145,160,160,273,252,255,250,246,241,246,208,210,146,142,126,176,164,164,
159,340,124,123,125,121,110,110,126,131,104,136,144,182,197,191,186,190,211,
183,116,197,222,222,224,655,731]} 1. d4 Nf6 2. Nf3 e6 3. c4 b6 4. a3 Bb7 5. Nc3
Be7 6. d5 exd5 7. cxd5 d6 8. e4 Nbd7 9. Nd4 O-O 10. Bb5 Nc5 11. f3 a6 12. Bc6
Bxc6 13. Nxc6 Qd7 14. b4 Nb7 15. O-O a5 16. Bb2 Nd8 17. Nd4 c5 18. dxc6 Nxc6
19. Nxc6 Qxc6 20. Rc1 axb4 21. axb4 Qd7 22. Qd4 b5 23. Nd5 Rae8 24. Rc7 Qe6 25.
Rfc1 Bd8 26. Rb7 Qe5 27. Qxe5 dxe5 28. Rxb5 Nxd5 29. Rxd5 Bg5 30. Rc7 Rb8 31.
b5 f6 32. Bc1 Bxc1 33. Rxc1 Rb7 34. h4 Rfb8 35. Rcc5 Kf7 36. g4 Kg6 37. Kf2 h5
38. g5 Rb6 39. gxf6 gxf6 40. Ke3 Ra8 41. Kd3 Kf7 42. Rc7+ Ke6 43. Kc4 Ra1 44.
Kc5 1-0

[Event "Fraser Valley Rapid 6 U1400"]
[Site "Langley CAN"]
[Date "2023.08.12"]
[Round "1.3"]
[White "Fang, Felix"]
[Black "Shetty, Arnav"]
[Result "0-1"]
[WhiteElo "1084"]
[BlackElo "1332"]
[PlyCount "110"]
[EventDate "2023.08.12"]
[EventType "swiss (rapid)"]
[EventRounds "6"]
[EventCountry "CAN"]

{[%evp 0,110,32,25,69,50,48,41,26,33,38,35,39,16,33,2,2,-7,-3,-2,1,-17,-12,-12,
-1,-38,-38,-40,-22,-23,-25,-48,-48,-56,-57,-80,-59,-64,-73,-72,-54,-81,-57,-72,
-75,-75,9,-16,-16,-45,31,-42,31,20,20,20,14,0,63,-12,-19,-21,0,-18,-24,-18,-22,
-85,-28,-71,-51,-88,-66,-102,-79,-107,-81,-83,-49,-38,-39,-135,-140,-406,-697,
-730,-805,-1116,-1129,-29983,-29984,-29985,-1371,-1939,-1692,-2196,-2198,
-28129,-2064,-1914,-2187,-29975,-29976,-29977,-29978,-29979,-2875,-29973,
-29980,-29981,-29976,-29975,-29978]} 1. e4 c6 2. Nc3 d5 3. d4 dxe4 4. Nxe4 Bf5
5. Bd3 e6 6. Ng3 Bg6 7. Be3 Nf6 8. N1e2 Nbd7 9. Qd2 Bd6 10. f4 Bxd3 11. Qxd3
O-O 12. Nc3 Qc7 13. Rf1 Rfe8 14. Nge4 Bb4 15. Nxf6+ Nxf6 16. O-O-O Qa5 17. a3
Bxc3 18. Qxc3 Qxc3 19. bxc3 Nd5 20. Bd2 Rac8 21. c4 Nb6 22. c5 Nd5 23. Rde1 b6
24. f5 b5 25. Rf3 Rb8 26. fxe6 Rxe6 27. Rxe6 fxe6 28. Rb3 a6 29. a4 Rf8 30.
axb5 axb5 31. Rf3 Rxf3 32. gxf3 Kf7 33. Bg5 h6 34. Bd8 Kg6 35. Kd2 Kf5 36. Ke2
g5 37. Kf2 Kf4 38. Ba5 h5 39. Bd2+ Kf5 40. h3 Nf4 41. Bxf4 Kxf4 42. c3 h4 43.
Kg2 Ke3 44. f4 gxf4 45. Kf1 Kd3 46. Kf2 Kxc3 47. Kf3 b4 48. Kxf4 b3 49. Ke5 b2
50. Kd6 Kxd4 51. Kxc6 b1=Q 52. Kd6 e5 53. c6 Qb6 54. Kd7 Qxc6+ 55. Kxc6 e4 0-1

[Event "Fraser Valley Rapid 6 U1400"]
[Site "Langley CAN"]
[Date "2023.08.12"]
[Round "3.3"]
[White "Low, Ethan Jun"]
[Black "Shetty, Arnav"]
[Result "1-0"]
[WhiteElo "1202"]
[BlackElo "1332"]
[PlyCount "79"]
[EventDate "2023.08.12"]
[EventType "swiss (rapid)"]
[EventRounds "6"]
[EventCountry "CAN"]

{[%evp 0,79,32,-2,-10,-14,-20,-20,8,-4,-8,-4,-7,-39,-8,-9,-6,1,0,-19,-18,-16,4,
1,25,17,19,13,28,-7,-9,-12,18,32,188,177,181,182,182,185,284,286,280,255,273,
311,318,274,303,313,320,321,323,321,320,318,325,320,325,320,322,310,318,315,
318,318,318,379,376,373,385,403,379,362,620,387,422,538,595,456,460,554]} 1. b3
d5 2. Bb2 Bf5 3. e3 a6 4. Nf3 Nc6 5. d4 e6 6. c4 Nf6 7. Nc3 Ne4 8. Be2 Bb4 9.
Qc1 O-O 10. O-O Nxc3 11. Bxc3 Rc8 12. a3 Bxc3 13. Qxc3 Qf6 14. c5 Be4 15. b4
Ne7 16. Ne5 c6 17. Nd7 Qg5 18. f3 Rfd8 19. Nb6 Rc7 20. fxe4 dxe4 21. Nc4 Nd5
22. Qd2 f5 23. Rf2 h5 24. Bd1 h4 25. Bb3 g6 26. Re1 Rh7 27. Ne5 Nc7 28. Kh1 Rf8
29. Qa2 Nd5 30. Bxd5 exd5 31. Rf4 Qh5 32. Qf2 Rf6 33. a4 Rh8 34. Rg1 Qh7 35. g4
hxg3 36. Qxg3 Kf8 37. h4 Rg8 38. Qg5 Ke7 39. h5 Rh8 40. Nxg6+ 1-0

[Event "Fraser Valley Rapid 6 U1400"]
[Site "Langley CAN"]
[Date "2023.08.12"]
[Round "5.3"]
[White "Low, Ethan Jun"]
[Black "Tu, Liam"]
[Result "1-0"]
[WhiteElo "1202"]
[BlackElo "968"]
[PlyCount "36"]
[EventDate "2023.08.12"]
[EventType "swiss (rapid)"]
[EventRounds "6"]
[EventCountry "CAN"]

1. b3 d5 2. Bb2 Nf6 3. e3 c5 4. Nf3 Nc6 5. Bb5 Bd7 6. d4 e6 7. O-O cxd4 8. exd4
Bd6 9. Nbd2 O-O 10. c4 a6 11. Bxc6 Bxc6 12. Ne5 Nd7 13. Ndf3 f6 14. Nxc6 bxc6
15. Re1 Re8 16. Re3 e5 17. dxe5 fxe5 18. c5 d4 1-0

[Event "Fraser Valley Rapid 6 U1400"]
[Site "Langley CAN"]
[Date "2023.08.12"]
[Round "6.3"]
[White "Chintala, Rishith Reddy"]
[Black "Low, Ethan Jun"]
[Result "1/2-1/2"]
[WhiteElo "1083"]
[BlackElo "1202"]
[PlyCount "132"]
[EventDate "2023.08.12"]
[EventType "swiss (rapid)"]
[EventRounds "6"]
[EventCountry "CAN"]

{[%evp 0,132,32,30,15,16,46,31,28,-23,-23,-8,6,5,6,-22,-22,-30,-50,-28,-20,-23,
-10,-7,-9,-3,-6,-19,58,50,65,59,56,62,116,79,79,0,115,140,138,141,141,65,40,64,
58,44,108,108,117,122,128,118,149,143,207,157,280,290,495,479,493,305,304,289,
309,211,203,229,232,232,227,218,249,93,88,104,109,101,141,68,142,156,207,224,
240,143,160,126,133,126,126,130,143,89,93,102,118,99,108,80,131,58,74,80,137,0,
0,0,0,0,0,0,0,0,0,0,0,0,0,0,0,0,0,0,0,0,0,0,0,0,0,0,0]} 1. d4 d5 2. Bf4 Bf5 3.
e3 Nc6 4. c3 e6 5. Nf3 Nf6 6. Bd3 Ne4 7. Bb5 Bd6 8. Ne5 Bxe5 9. Bxe5 f6 10. Bg3
Nxg3 11. hxg3 Qd7 12. Nd2 a6 13. Ba4 b5 14. Bc2 Bxc2 15. Qxc2 f5 16. g4 b4 17.
gxf5 exf5 18. g4 g6 19. gxf5 Qxf5 20. Qxf5 gxf5 21. Rg1 bxc3 22. bxc3 h5 23.
Ke2 O-O-O 24. Rg5 Ne7 25. Rh1 h4 26. Nf3 h3 27. Rg3 Kd7 28. Rhxh3 Rhf8 29. Ne5+
Kc8 30. Rh7 f4 31. exf4 Nf5 32. Rg5 Rd6 33. Rf7 Rxf7 34. Nxf7 Rf6 35. Ne5 Nd6
36. Ke3 Ne4 37. Rg6 Rxg6 38. Nxg6 Nxc3 39. a3 Nb5 40. f5 Nd6 41. Kf4 Kd8 42.
Ke5 Kd7 43. Kxd5 Nxf5 44. Nf8+ Ke7 45. Ng6+ Kf6 46. Ne5 Kg5 47. Ke4 Nd6+ 48.
Ke3 Nb5 49. Nc4 Nc3 50. f4+ Kf5 51. Kf3 Nb5 52. Ke3 Nc3 53. Ne5 Nd5+ 54. Kf3
Nxf4 55. Ke3 Nd5+ 56. Kd3 Ke6 57. Nc6 Kd6 58. Nb8 c5 59. Nxa6 cxd4 60. Kxd4 Nc7
61. Nxc7 Kxc7 62. Kc5 Kb7 63. Kb5 Ka7 64. Ka5 Ka8 65. Ka6 Kb8 66. Kb6 Ka8
1/2-1/2

[Event "Germain Laplante U1600"]
[Site "Chambly CAN"]
[Date "2023.04.28"]
[Round "1.30"]
[White "Ferenczi, Edmund"]
[Black "Wu, Ting En Ryan"]
[Result "0-1"]
[WhiteElo "1599"]
[BlackElo "1400"]
[PlyCount "70"]
[EventDate "2023.04.28"]
[EventType "swiss"]
[EventRounds "5"]
[EventCountry "CAN"]

1. c4 e6 2. Nc3 Nf6 3. Nf3 d5 4. e3 c5 5. d4 cxd4 6. exd4 Nc6 7. b3 Bb4 8. Bd2
dxc4 9. a3 Bxc3 10. Bxc3 cxb3 11. Bd3 Nd5 12. Qxb3 Nxc3 13. Qxc3 Qa5 14. Rc1
Qxc3+ 15. Rxc3 O-O 16. O-O Bd7 17. Rb1 Rab8 18. Ne5 Nxe5 19. dxe5 Bc6 20. Rcb3
Rfd8 21. f3 g6 22. Bc4 Rd4 23. Rb4 a5 24. R4b3 Rxc4 25. Kf2 Rd8 26. R1b2 a4 27.
Re3 Rcd4 28. Ree2 Rd3 29. Kg3 Rxa3 30. h4 Rb3 31. Ra2 Rdd3 32. Rf2 Rd5 33. Rae2
Rc3 34. Kh3 b5 35. Kg3 b4 0-1

[Event "Germain Laplante U1600"]
[Site "Chambly CAN"]
[Date "2023.04.28"]
[Round "1.31"]
[White "Asselin, Jonathan"]
[Black "Longpre, Martin"]
[Result "1-0"]
[WhiteElo "1375"]
[BlackElo "1595"]
[PlyCount "83"]
[EventDate "2023.04.28"]
[EventType "swiss"]
[EventRounds "5"]
[EventCountry "CAN"]

1. e4 c6 2. d4 d5 3. exd5 cxd5 4. c4 Nf6 5. Nc3 e6 6. Nf3 Be7 7. Bg5 Nbd7 8.
Qb3 dxc4 9. Bxc4 O-O 10. O-O-O Nb6 11. Bd3 Qc7 12. Kb1 Nbd5 13. Rc1 Qd8 14. a3
b6 15. Qc2 Nxc3+ 16. Qxc3 Bb7 17. Bc2 Ne4 18. Qd3 Bxg5 19. Nxg5 Nxg5 20. h4 Be4
21. Qe3 Bxc2+ 22. Rxc2 e5 23. hxg5 exd4 24. Qh3 h6 25. gxh6 g6 26. Qg3 Qf6 27.
h7+ Kg7 28. Qh3 g5 29. Rhc1 Rh8 30. Rc6 Qxc6 31. Rxc6 Rxh7 32. Qf3 Kf8 33. Rxb6
Rd8 34. Rb3 Rh6 35. Rd3 Rhd6 36. Qf5 f6 37. Kc2 Rc6+ 38. Kd2 Rb6 39. b4 Rc6 40.
Rh3 Rcd6 41. Rh8+ Kg7 42. Qh7# 1-0

[Event "Germain Laplante U1600"]
[Site "Chambly CAN"]
[Date "2023.04.28"]
[Round "1.32"]
[White "Pinsonneault, Marc"]
[Black "Tom, Kar Yung"]
[Result "0-1"]
[WhiteElo "1595"]
[BlackElo "1372"]
[PlyCount "26"]
[EventDate "2023.04.28"]
[EventType "swiss"]
[EventRounds "5"]
[EventCountry "CAN"]

1. e4 e5 2. Nf3 Nc6 3. Bb5 Nf6 4. O-O d6 5. d4 Bd7 6. Nc3 exd4 7. Bxc6 dxc3 8.
Bxd7+ Qxd7 9. e5 dxe5 10. Nxe5 Qxd1 11. Rxd1 Bd6 12. bxc3 Bxe5 13. Re1 O-O-O
0-1

[Event "Germain Laplante U1600"]
[Site "Chambly CAN"]
[Date "2023.04.28"]
[Round "1.33"]
[White "Mullur, Neerav"]
[Black "Sonko, Babacar"]
[Result "1-0"]
[WhiteElo "1356"]
[BlackElo "1575"]
[PlyCount "57"]
[EventDate "2023.04.28"]
[EventType "swiss"]
[EventRounds "5"]
[EventCountry "CAN"]

1. e4 e5 2. Nf3 Nc6 3. d4 exd4 4. Bc4 Be7 5. Nxd4 Nf6 6. Nc3 d6 7. O-O Bd7 8.
Nd5 O-O 9. Nxe7+ Qxe7 10. Re1 Ne5 11. Bf1 c5 12. Nb5 Ne8 13. f4 Ng6 14. Bc4 a6
15. Nc3 b5 16. Nd5 Qd8 17. Be2 Bc6 18. Be3 Nc7 19. c4 Re8 20. Bf3 Nh4 21. Rc1
bxc4 22. Nb6 Nxf3+ 23. gxf3 Rb8 24. Nxc4 d5 25. Ne5 Rxe5 26. fxe5 Rxb2 27. Rxc5
Bb5 28. Qc1 Qh4 29. Bd2 1-0

[Event "Germain Laplante U1600"]
[Site "Chambly CAN"]
[Date "2023.04.28"]
[Round "1.34"]
[White "Nadeau, Dominic"]
[Black "Breton, Jules"]
[Result "1/2-1/2"]
[WhiteElo "1521"]
[BlackElo "1350"]
[PlyCount "134"]
[EventDate "2023.04.28"]
[EventType "swiss"]
[EventRounds "5"]
[EventCountry "CAN"]

1. Nf3 Nc6 2. c4 e6 3. Nc3 Nf6 4. d4 d5 5. a3 Be7 6. Bf4 a6 7. e3 h6 8. cxd5
exd5 9. Bd3 Bg4 10. h3 Be6 11. O-O Bd6 12. Re1 O-O 13. Bh2 Re8 14. Qc2 Qc8 15.
Bxd6 cxd6 16. Kh2 b5 17. Ne2 Qb7 18. Bf5 Rac8 19. Bxe6 Rxe6 20. Rac1 Ree8 21.
Qb3 Na5 22. Qb4 Qb6 23. Nd2 Ne4 24. Nxe4 dxe4 25. Nf4 Rc4 26. Rxc4 Nxc4 27. Rc1
Qb8 28. a4 d5 29. g3 Rd8 30. Nxd5 Rxd5 31. Rxc4 Qd8 32. axb5 Rxb5 33. Qc3 Kh7
34. Rc7 Qf6 35. Qc2 Qf3 36. Re7 f5 37. g4 fxg4 38. Qxe4+ Qxe4 39. Rxe4 gxh3 40.
Kxh3 Rxb2 41. Kg3 Rb5 42. Kf4 a5 43. Re6 Kg8 44. Ra6 Kf7 45. Ke4 h5 46. Kf4 g5+
47. Kg3 g4 48. Kh4 Rf5 49. Kg3 Rf3+ 50. Kg2 Rf5 51. e4 Rf4 52. Rxa5 Rxe4 53.
Rxh5 Rxd4 54. Kg3 Kg6 55. Rh4 Kf5 56. f3 Rf4 57. Rh5+ Kg6 58. fxg4 Rf1 59. Rh2
Kg5 60. Rh5+ Kg6 61. Rd5 Rg1+ 62. Kf3 Rf1+ 63. Kg2 Rf4 64. Kg3 Rf1 65. g5 Rg1+
66. Kf4 Rf1+ 67. Ke4 Rg1 1/2-1/2

[Event "Germain Laplante U1600"]
[Site "Chambly CAN"]
[Date "2023.04.28"]
[Round "1.35"]
[White "Lafer, Michael Barry jr"]
[Black "De Guise, Ronald"]
[Result "1-0"]
[WhiteElo "1488"]
[BlackElo "1315"]
[PlyCount "123"]
[EventDate "2023.04.28"]
[EventType "swiss"]
[EventRounds "5"]
[EventCountry "CAN"]

1. e4 e5 2. Nf3 Nc6 3. Bb5 Bc5 4. O-O Nge7 5. c3 O-O 6. d4 exd4 7. cxd4 Bb6 8.
d5 Nb8 9. Nc3 a6 10. Ba4 d6 11. h3 Ng6 12. Bc2 Nd7 13. Kh1 Nde5 14. Nd2 Qh4 15.
Nf3 Nxf3 16. Qxf3 Ne5 17. Qf4 Qe7 18. Qg3 Kh8 19. f4 Ng6 20. Be3 Bxe3 21. Qxe3
f5 22. Rae1 Re8 23. Qg3 Qf6 24. Re2 fxe4 25. Bxe4 Bf5 26. Rfe1 Bxe4 27. Rxe4
Rxe4 28. Rxe4 Rf8 29. Qe1 Nxf4 30. Re8 Nd3 31. Qe2 Nxb2 32. Rxf8+ Qxf8 33. Qxb2
Qf1+ 34. Kh2 b5 35. Qe2 Qf4+ 36. Kg1 h6 37. Qe8+ Kh7 38. Qe4+ Qxe4 39. Nxe4 Kg6
40. g4 h5 41. Kf2 b4 42. Ke3 hxg4 43. hxg4 a5 44. Kd4 a4 45. Kc4 b3 46. axb3 a3
47. Kc3 Kf7 48. b4 Ke7 49. Kb3 a2 50. Kxa2 Kd7 51. b5 Kc8 52. Kb3 Kb7 53. Kb4
Kb6 54. g5 Kb7 55. Ka5 Ka7 56. g6 Kb7 57. Nf6 Kc8 58. Ne8 Kd8 59. Nxg7 Ke7 60.
Ne6 Kf6 61. g7 Kf7 62. Ka6 1-0

[Event "Germain Laplante U1600"]
[Site "Chambly CAN"]
[Date "2023.04.28"]
[Round "1.36"]
[White "Rebhi, Mohamed"]
[Black "Dubreuil, Raymond"]
[Result "1/2-1/2"]
[WhiteElo "1336"]
[BlackElo "1509"]
[PlyCount "108"]
[EventDate "2023.04.28"]
[EventType "swiss"]
[EventRounds "5"]
[EventCountry "CAN"]

1. e4 c5 2. Nc3 d6 3. Bc4 e6 4. Nf3 Nc6 5. d4 cxd4 6. Nxd4 Bd7 7. Be3 Nf6 8. f3
Be7 9. Qd2 a6 10. a3 O-O 11. g4 Rc8 12. g5 Nh5 13. f4 g6 14. Bf2 Ng7 15. h4 f5
16. h5 fxe4 17. Nxe4 Nxd4 18. Bxd4 Nf5 19. hxg6 hxg6 20. O-O-O Qc7 21. Rh8+ Kf7
22. Rxf8+ Rxf8 23. Bf6 Ba4 24. Bxe7 Kxe7 25. Nc3 Bc6 26. Bd3 d5 27. Re1 Nh4 28.
Re5 Nf3 29. Qe2 Nxe5 30. fxe5 Be8 31. Qh2 Kd8 32. Ne2 Rf1+ 33. Kd2 Qf7 34. Qh4
Qf2 35. Qb4 Qe1+ 36. Ke3 Qxb4 37. axb4 Rf8 38. Nf4 d4+ 39. Kf3 Bc6+ 40. Kg4
Rxf4+ 41. Kxf4 Be8 42. Ke4 Kc7 43. Kxd4 Kb6 44. c4 Kc6 45. c5 Bf7 46. Kc4 b5+
47. Kd4 Be8 48. Be4+ Kc7 49. c6 Kb6 50. c7 Kxc7 51. Kc5 Bf7 52. Bd3 Be8 53. Bc2
Bf7 54. Bb3 Bg8 1/2-1/2

[Event "Germain Laplante U1600"]
[Site "Chambly CAN"]
[Date "2023.04.28"]
[Round "1.37"]
[White "Laporte, Michel"]
[Black "Nguyen, Danny"]
[Result "0-1"]
[WhiteElo "1504"]
[BlackElo "1323"]
[PlyCount "70"]
[EventDate "2023.04.28"]
[EventType "swiss"]
[EventRounds "5"]
[EventCountry "CAN"]

1. d4 d5 2. Nf3 Nf6 3. e3 c5 4. b3 Nc6 5. Bd3 Bg4 6. Bb2 cxd4 7. exd4 e6 8.
Nbd2 Bd6 9. O-O O-O 10. h3 Bh5 11. g4 Nxg4 12. hxg4 Bxg4 13. Be2 Qf6 14. Ne5
Bh3 15. f4 Nxe5 16. fxe5 Qg5+ 17. Kf2 Qh4+ 18. Kf3 Bxf1 19. Qxf1 Bb4 20. c3 Ba5
21. Qg2 f6 22. Bd3 fxe5+ 23. Ke2 e4 24. Nxe4 dxe4 25. Bxe4 Rf4 26. Ke3 Rg4 27.
Qh1 Rg3+ 28. Bf3 Qg5+ 29. Kf2 Rf8 30. Re1 Rgxf3+ 31. Qxf3 Rxf3+ 32. Kxf3 Qf5+
33. Ke3 Qc2 34. Re2 Qg6 35. Rf2 Bd8 0-1

[Event "Germain Laplante U1600"]
[Site "Chambly CAN"]
[Date "2023.04.28"]
[Round "1.38"]
[White "Ouimet, Alain"]
[Black "Auersperg, Leo"]
[Result "1-0"]
[WhiteElo "1319"]
[BlackElo "1501"]
[PlyCount "97"]
[EventDate "2023.04.28"]
[EventType "swiss"]
[EventRounds "5"]
[EventCountry "CAN"]

1. Nf3 Nf6 2. c4 g6 3. Nc3 Bg7 4. g3 d6 5. Bg2 O-O 6. O-O e5 7. d3 Re8 8. Bg5
h6 9. Bd2 c6 10. Qc2 Nbd7 11. Rab1 Qc7 12. b4 Rb8 13. Nh4 Nb6 14. f4 exf4 15.
gxf4 Ng4 16. e4 Bd4+ 17. Kh1 Nf2+ 18. Rxf2 Bxf2 19. Nf3 Qe7 20. Rf1 Bh4 21. Qc1
Bf6 22. Ne2 Bg4 23. Bc3 Na4 24. Bxf6 Qxf6 25. Ng3 Qb2 26. Qe3 Qf6 27. h3 Bxf3
28. Rxf3 Nb6 29. f5 g5 30. Nh5 Qe7 31. f6 Qd7 32. Rg3 Kh7 33. h4 g4 34. Qf4 Rg8
35. Ng7 Rxg7 36. fxg7 Rg8 37. Rxg4 Rxg7 38. Rxg7+ Kxg7 39. e5 dxe5 40. Qxe5+ f6
41. Qg3+ Kf7 42. Be4 Kf8 43. Kh2 Nc8 44. Qg6 Qg7 45. Qxg7+ Kxg7 46. Kg3 Nd6 47.
Kf4 Nxe4 48. Kxe4 Kg6 49. Kf4 1-0

[Event "Germain Laplante U1600"]
[Site "Chambly CAN"]
[Date "2023.04.28"]
[Round "1.39"]
[White "Poulin, Emile"]
[Black "Frechette, Jean-Martin"]
[Result "0-1"]
[WhiteElo "1499"]
[BlackElo "1318"]
[PlyCount "96"]
[EventDate "2023.04.28"]
[EventType "swiss"]
[EventRounds "5"]
[EventCountry "CAN"]

1. Nf3 d5 2. c4 c6 3. d4 e6 4. e3 Nf6 5. Bd3 Nbd7 6. O-O Bd6 7. Nc3 e5 8. cxd5
Nxd5 9. Ne4 Qc7 10. Nxd6+ Qxd6 11. e4 Ne7 12. Re1 O-O 13. a4 a5 14. b3 Re8 15.
Ba3 Qc7 16. Rc1 exd4 17. Nxd4 Ne5 18. Bf1 Rd8 19. Bb2 Ng4 20. g3 Qb6 21. Be2
Ne5 22. f4 N5g6 23. Bc4 c5 24. Qh5 cxd4 25. Kg2 Rd6 26. Ba3 Rc6 27. Bb5 Rxc1
28. Rxc1 Qe6 29. Qf3 Qh3+ 30. Kg1 h5 31. Rc7 Bg4 32. Qf2 Rc8 33. Rxc8+ Nxc8 34.
Qxd4 Bf3 35. Bf1 Qg4 36. Kf2 h4 37. Bb2 hxg3+ 38. hxg3 f6 39. Bb5 Nce7 40. Bd7
Qh5 41. Be6+ Kh7 42. Qd3 Qh2+ 43. Kxf3 Qxb2 44. Kg4 Qh2 45. Qb5 Kh6 46. Kf3 Nc6
47. Qd3 Nce5+ 48. fxe5 Nxe5+ 0-1

[Event "Germain Laplante U1600"]
[Site "Chambly CAN"]
[Date "2023.04.28"]
[Round "1.40"]
[White "Banger, Sartaj"]
[Black "Mourad, Michel"]
[Result "1-0"]
[WhiteElo "1315"]
[BlackElo "1492"]
[PlyCount "141"]
[EventDate "2023.04.28"]
[EventType "swiss"]
[EventRounds "5"]
[EventCountry "CAN"]

1. e4 e5 2. Nf3 Nf6 3. Nxe5 d6 4. Nf3 Nxe4 5. d4 d5 6. Be2 Be7 7. O-O O-O 8.
Bf4 Bg4 9. Nc3 Nxc3 10. bxc3 Nd7 11. Rb1 Nb6 12. h3 Bh5 13. Ne5 Bxe2 14. Qxe2
Bd6 15. Qg4 Qf6 16. Bg3 Rfe8 17. Nd7 Nxd7 18. Qxd7 Rad8 19. Qb5 Bxg3 20. fxg3
Qg6 21. Qd3 Qc6 22. Rf5 Re7 23. Rb4 Rde8 24. c4 Re3 25. cxd5 Qg6 26. Re5 R8xe5
27. Qxg6 Re1+ 28. Kh2 fxg6 29. dxe5 Rxe5 30. Rxb7 Rxd5 31. Rxc7 Ra5 32. c4 Rxa2
33. c5 a5 34. Ra7 Rc2 35. Rxa5 Kf7 36. Ra7+ Kf6 37. Rc7 g5 38. g4 Rc3 39. Kg1
Rc2 40. Rc8 Ke7 41. c6 h6 42. c7 Kf7 43. Kf1 Kg6 44. Ke1 Kh7 45. Kd1 Rc4 46.
Kd2 Kg6 47. g3 Kf7 48. Kd3 Rc1 49. h4 gxh4 50. gxh4 Kg6 51. Ke4 Re1+ 52. Kd5
Rd1+ 53. Ke6 Re1+ 54. Kd6 Rd1+ 55. Ke7 Re1+ 56. Kf8 Rf1+ 57. Kg8 Rf7 58. Rd8 h5
59. Rd6+ Rf6 60. gxh5+ Kh6 61. Rxf6+ gxf6 62. c8=Q f5 63. Qe6+ Kxh5 64. Qxf5+
Kxh4 65. Kf7 Kg3 66. Ke6 Kh4 67. Qg6 Kh3 68. Kf5 Kh2 69. Kf4 Kh1 70. Kf3 Kh2
71. Qg2# 1-0

[Event "Germain Laplante U1600"]
[Site "Chambly CAN"]
[Date "2023.04.28"]
[Round "1.41"]
[White "St-Laurent, Luc"]
[Black "Rodrigue, Vincent"]
[Result "0-1"]
[WhiteElo "1277"]
[BlackElo "1485"]
[PlyCount "114"]
[EventDate "2023.04.28"]
[EventType "swiss"]
[EventRounds "5"]
[EventCountry "CAN"]

1. d4 d5 2. Nf3 Bg4 3. Ne5 Bc8 4. g3 c6 5. Bg2 Nd7 6. Nf3 Ngf6 7. O-O g6 8. c4
dxc4 9. Nbd2 Bg7 10. Nxc4 O-O 11. Bf4 Nh5 12. Qd2 Nxf4 13. Qxf4 Nb6 14. Nfd2
Nxc4 15. Nxc4 Qxd4 16. Qxd4 Bxd4 17. Rad1 Bg7 18. b3 Be6 19. Na5 Rab8 20. Rd3
Bg4 21. f3 Be6 22. Rfd1 c5 23. h4 h5 24. Kh2 Bf6 25. Bh3 Bxh3 26. Kxh3 b6 27.
Nc6 Rbc8 28. Nxa7 Ra8 29. Rd7 Rfe8 30. a4 e5 31. Nc6 e4 32. f4 e3 33. R1d6 Bc3
34. Rb7 Ba5 35. Rdd7 Rf8 36. Ne5 Rad8 37. Rxd8 Rxd8 38. Rd7 Rxd7 39. Nxd7 Kg7
40. Ne5 Kf6 41. Kg2 Ke6 42. Nc4 Kd5 43. Nxe3+ Kd4 44. Nd1 c4 45. bxc4 Kxc4 46.
Kf3 Kb3 47. Ke4 Kxa4 48. Kd3 Be1 49. Nc3+ Kb3 50. Ne4 f5 51. Nd2+ Kb4 52. e4
Bxd2 53. Kxd2 fxe4 54. Ke3 Kc3 55. Kxe4 b5 56. f5 gxf5+ 57. Kxf5 b4 0-1

[Event "Germain Laplante U1600"]
[Site "Chambly CAN"]
[Date "2023.04.28"]
[Round "1.42"]
[White "Camire, Pierre"]
[Black "Lamontagne, Damien"]
[Result "1/2-1/2"]
[WhiteElo "1481"]
[BlackElo "1254"]
[PlyCount "98"]
[EventDate "2023.04.28"]
[EventType "swiss"]
[EventRounds "5"]
[EventCountry "CAN"]

1. d4 d5 2. c4 e6 3. Nc3 Nf6 4. Bg5 Bb4 5. Bxf6 Qxf6 6. Nf3 Bxc3+ 7. bxc3 Nd7
8. e3 O-O 9. cxd5 exd5 10. Bd3 c5 11. O-O c4 12. Bc2 Qe7 13. Re1 Nf6 14. Qb1
Re8 15. Ne5 Be6 16. e4 dxe4 17. Bxe4 Nxe4 18. Qxe4 Qc7 19. d5 f5 20. Qxc4 Qxc4
21. Nxc4 Bxd5 22. Ne3 Be6 23. a3 Rac8 24. Rac1 Kf7 25. f4 Re7 26. Kf2 Rec7 27.
Rb1 b6 28. Nd1 Ke7 29. Ne3 Kf7 30. Nd1 Bd5 31. Ne3 Be4 32. Rbd1 Re7 33. c4 Rc5
34. Rc1 Rec7 35. Red1 b5 36. Rd4 bxc4 37. Rdxc4 Rxc4 38. Rxc4 Rxc4 39. Nxc4 Ke6
40. g3 g6 41. Ke3 Kd5 42. Nd2 h6 43. h3 h5 44. Nxe4 fxe4 45. g4 g5 46. f5 hxg4
47. hxg4 Ke5 48. f6 Kxf6 49. Kxe4 Ke6 1/2-1/2

[Event "Germain Laplante U1600"]
[Site "Chambly CAN"]
[Date "2023.04.28"]
[Round "1.43"]
[White "Godbout, Julien"]
[Black "Despres, Alain"]
[Result "0-1"]
[WhiteElo "1239"]
[BlackElo "1479"]
[PlyCount "94"]
[EventDate "2023.04.28"]
[EventType "swiss"]
[EventRounds "5"]
[EventCountry "CAN"]

1. e4 e5 2. Nf3 Nf6 3. Nxe5 d6 4. Nxf7 Kxf7 5. Bc4+ Be6 6. Bxe6+ Kxe6 7. Qf3
Nc6 8. d3 Nd4 9. Qh3+ Kf7 10. Na3 Qd7 11. Qxd7+ Nxd7 12. c3 Ne6 13. f4 g6 14.
f5 gxf5 15. O-O Ng7 16. exf5 Be7 17. Nb5 c6 18. Nc7 Rac8 19. Ne6 Nxe6 20. fxe6+
Kxe6 21. Bh6 Nf6 22. Rae1+ Kf7 23. g4 Rhg8 24. g5 Ke8 25. Rxf6 Kd7 26. Rf7 Rce8
27. Rxh7 Kd8 28. Rg7 Rxg7 29. Bxg7 Rg8 30. Rxe7 Kxe7 31. Bf6+ Kf7 32. Kf2 Re8
33. h4 Kg6 34. Kg3 Re2 35. Kg4 Rg2+ 36. Kh3 Rxb2 37. Kg4 Rg2+ 38. Kh3 Rxa2 39.
Kg4 Rg2+ 40. Kh3 Rg1 41. Bd4 Rd1 42. Kg4 c5 43. h5+ Kf7 44. g6+ Kg8 45. Bf6
Rg1+ 46. Kf5 Rh1 47. Bg5 Rxh5 0-1